| 000 | 01160naa a22003017a 4500 | ||
|---|---|---|---|
| 001 | BR7901641 | ||
| 003 | BR-BrBNA | ||
| 005 | 20240918174331.0 | ||
| 007 | ta | ||
| 008 | 230509b bl.||||| |||| 00| 0 por d | ||
| 040 |
_aBR-BrBNA _bpor _cBiblioteca Nacional de Agricultura |
||
| 041 | _a(Pt) | ||
| 072 |
_aF00 _b0110 _bG514 |
||
| 090 | _aF00 BR7901641 | ||
| 100 | 1 | _aArias, D. y V.G.N. | |
| 111 | 1 |
_a10. Reuniao Anual Conjunta de Pesquisa de Trigo _cPorto Alegre, RS )Brazil) _d3 Apr 1978 |
|
| 245 | 1 | _aLevantamento para a implantacao de sistemas de producao de cevada [Pratica cultural; Hordeum vulgare; Parana; Rio Grande do Sul; Brasil] | |
| 260 | 3 |
_aPasso Fundo, RS (Brasil): _c1978. |
|
| 500 | _aMelhoramento de trigo, sementes, triticale e cevada Passo Fundo, RS (Brasil): 1978. p. 173-177 (BR7901641-AM)F00 | ||
| 650 | _aProducao vegetal | ||
| 650 | _aCevada | ||
| 650 | _aPratica cultural | ||
| 650 | _aParana | ||
| 650 | _aRio Grande do Sul | ||
| 773 | 0 |
_tMelhoramento de trigo, sementes, triticale e cevada _b _wF00 BR7901641 _gPasso Fundo, RS (Brasil), 1978. p. 173-177 |
|
| 909 |
_a202404 _bLucia _c55 _dLucia Elande |
||
| 942 |
_cAM _2AGRIS |
||
| 999 |
_c310471 _d310471 |
||